00881nam a2200181 a 450000100100000000500170001000800410002704000250006808200150009310000300010824501560013826000500029430000200034450201270036404900090049195201820050099900170068200003452920200930073741.0111005s1912 dr 000 0 spa d aDO-SdBNPbspacBNPHU axxxxbA1741 aAcevedo, Agustín95996510a¿Que principios pueden derivarse de los articulos 6, ap, 16, 43 y 63 ap, 5 de nuestra constitución, relativos a la incontitucionalidad de las leyes? aSanto Domingo :bImp. Escobar i Cía,c1912. a34 p. ;c23 cm. aTesis para obtar por el grado de licenciatura en derecho en el Instituto Profesional de Santo Domingo, Facultad de Derecho aBNPD 0010718PDaPDbPDcCTd2011-10-05iLF1l0oxxxx A174p34529-10r2020-06-25w2020-06-25yLFPDzPerteneció a la biblioteca personal de Carlos Larrazábal BlancoZNo se presta c34020d34020